| 000 | 00407nam a2200169Ia 4500 | ||
|---|---|---|---|
| 003 | STCL | ||
| 008 | 181203s9999 xx 000 0 und d | ||
| 020 | _a9781784703936 | ||
| 040 |
_aSTCL _bEN _cSTCL |
||
| 082 | _222 | ||
| 100 | _aHarari, Yuval Noah | ||
| 245 | 0 | _aHomo Deus: A Brief History of Tomorrow | |
| 260 |
_bVintage Books _aLondon _c2017 |
||
| 300 | _a513 | ||
| 546 | _aEnglish | ||
| 942 |
_2ddc _cBK |
||
| 999 |
_c87059 _d87059 |
||